Logos de marques par lettre - S - Statistiques

Statistiques générales
  • Ce quiz a été pris 218 fois
  • Le résultat moyen est 10 sur 16
Statistiques - réponses
Par images Hint Réponse % Correct
Musique Spotify
100%
Fast Food Subway
97%
Café Starbucks
96%
Réseau social Snapchat
95%
Automobile Skoda
87%
Energie Shell
86%
Reconaissance musicale Shazam
85%
Eau Gazeuse San Pellegrino
63%
Plateforme de jeux Steam
58%
Cosmétique Sephora
55%
Musique indépendante Soundcloud
54%
Soins capillaires Schwarzkopf
37%
Streetwear Stüssy
36%
Camions Scania
22%
Equipement sportif Salomon
20%
Messagerie pro Slack
7%
Aucun quiz correspondant
Distribution des résultats
% des personnes avec chaque résultat
Percentile par nombre de réponses
Votre historique - résultats
Vous n’avez pas pris ce quiz